Statistics for The Top 20 Most Military Powerful Countries - Country Quiz

Click here to take the quiz!

General Stats

  • This quiz has been taken 37 times
  • The average score is 17 of 20

Answer Stats

HintAnswer% Correct
CChina
100%
JJapan
100%
RRussia
100%
UUK
100%
FFrance
97%
IIndia
97%
PPakistan
97%
BBrazil
94%
UUSA
94%
EEgypt
88%
IIndonesia
85%
IIran
85%
SSouth Korea
82%
IItaly
79%
TTurkey
79%
VVietnam
79%
AAustralia
74%
IIsrael
68%
PPoland
68%
UUkraine
65%

Score Distribution

Percentile by Number Answered

Percent of People with Each Score

Your Score History

You have not taken this quiz